|
|
|
|
| LEADER |
00000nab a2200000ua 4500 |
| 001 |
vtls010796241 |
| 003 |
SK-MaSNL |
| 005 |
20260303213914.0 |
| 008 |
230222s1991 xo |||||||||||||||||eng| |
| 035 |
|
|
|a (urnnbn)urn:nbn:sk:snk:ar-a029hu
|
| 035 |
|
|
|a (uuid)78d8c257-e217-4fa8-be58-35c1ca3a363c
|
| 035 |
|
|
|a urn:nbn:sk:snk-ab4ieg
|
| 040 |
|
|
|a SNKBUCL
|b slo
|c SNKBUCL
|e AACR2
|
| 041 |
0 |
|
|a eng
|
| 044 |
|
|
|a xo
|c SK
|
| 100 |
1 |
|
|a Briggs, D. J.
|4 aut
|9 1248259
|
| 245 |
1 |
0 |
|a THE EFFECT OF NEUROTOXIN ON RABIES VIRUS BINDING TO MOUSE NEUROBLASTOMA CELLS
|c D. J. Briggs, R. M. Phillips
|
| 700 |
1 |
|
|a Philips, R. M.
|4 aut
|9 1248260
|
| 773 |
0 |
|
|t Acta virologica : international journal
|g Roč. 35, č. 4 (1991), s. [396]-399
|
| 958 |
|
|
|a OND
|
| 958 |
|
|
|a EUIPO
|
| 958 |
|
|
|a article3
|
| 999 |
|
|
|c 2214613
|d 2216543
|